000 00824npc a2200229Ia 4500
001 db11-31275
003 IT-MiCISF
005 20230302114200.0
008 161014s9999||||xx | und||
040 _aIT-MiCISF
_cIT-MiCISF
041 _ait
100 _aDiana Esther, Lippi Donatella (a cura di)
_959490
245 0 _aEdocere Medicos. La componente umanistica nella formazione del medico
260 _bRegione Toscana
_c2000
300 _app. 109
500 _a / operatori-sanitari, formazione, malattia, società, rapporti-paziente-terapeuta, filosofia, diritti-del-malato /
650 _abioetica
_956169
654 _aatti
700 _aMarini C., Panti A., Poli R., Marri L., Diana E., Ghidetti E., Lippi D., Palagi U., Lombardi M.A., Barni M., Pagni A.
_959491
942 _cDD
_2ddc
999 _c208497
_d208497
999 _bsi